Daňové úniky na Slovensku

Bibliographic Details
Main Author: Burák, Emil, 1963- (Author)
Format: Article
Language:Slovak
ISSN:1335-7484
Subjects:

MARC

LEADER 00000nab a2200000 a 4500
001 vtls000863139
003 SK-MaSNL
005 20260303185122.0
008 140429c2003 xo 0 slo
015 |a SNBRB2004/02-05450 
035 |a CLN000214704 
040 |a SNKBUCL  |b slo  |c SNKBUCL  |e AACR2 
041 0 |a slo 
044 |a xo  |c SK 
080 |a 336.228.34(437.6)  |2 1997 
100 1 |a Burák, Emil,  |d 1963-  |4 aut  |9 231617 
245 1 0 |a Daňové úniky na Slovensku  |c Emil Burák 
650 0 7 |a daňové úniky  |z Slovensko  |2 snkbucl  |9 24510 
655 7 |a články z novín a časopisov  |2 snkbucl  |9 267496 
773 0 |t Podnikanie v praxi  |g Roč. 3, č. 4 (2003), s. 36-37  |x 1335-7484 
850 |a Slovenská národná knižnica v Martine 
852 |a SNK  |b KIS3GCP 
958 |a SK 
992 |a RBX 
999 |c 2129985  |d 2131915